Kung Fu panda Characters - Statistics

General Stats
  • This quiz has been taken 121 times
  • The average score is 11 of 14
Answer Stats
Hint Answer % Correct
Clumsy panda who loves kung fu. Po
99%
Crane member of the furious five. Crane
92%
Mantis member of the furious five. Mantis
92%
Tiger member of the furious five. Tigress
92%
Monkey member of the furious five. Monkey
91%
Wise turtle master. Oogway
90%
Snake member of the furious five. Viper
90%
Evil snow leopard. Tai lung
89%
Red panda kung fu master. Shifu
88%
Evil Buffalo. Kai
84%
Evil white peacock. Lord Shen
76%
Po's adopted father. Ping
68%
Ribbon dancing panda. Mei Mei
37%
Po's real father. Li Shan
34%
No matching quizzes found
Score Distribution
Percent of People with Each Score
Percentile by Number Answered
Your Score History
You have not taken this quiz